000 01016nam a22002417a 4500
999 _c12238
_d12238
003 AR-CdUCM
008 190408b ||||| |||| 00| 0 spa d
040 _aMUNICIPALIDAD PROVINCIAL DEL CUSCO
_cBIBLIOTECA MUNICIPAL DEL CUSCO
082 _aC / 985.01911 /
_bSA25
100 _aSantisteban Ochoa, Julián
_929993
245 _aLos cronistas del Perú :
_bContribución al estudio de las fuentes de la historia peruana /
260 _aCusco :
_bDomingo Miranda,
_c1946.
300 _a243 páginas ;
_c24 cm.
500 _aAntes del titulo, Ediciones conmemorativas del CCL aniversario de la Universidad Nacional de San Antonio Abad del Cusco.
505 _aContenido: La historia en el incario -- Los cronistas -- Biografía de los cronistas -- La biblioteca histórica del Perú.
650 _aHistoriadores
_919833
650 _aPerú
_935
650 _aBibliografía
_91484
650 _aHistoria
_9136
700 _aValcárcel, Daniel (prólogo)
_929994
942 _2ddc
_cLIBROS
945 _aachl
_d2019-04-08